• 首页
  • 本馆介绍
  • 公告通知
  • 最新文献
  • 馆藏检索
  • 电子资源
  • 读者导购
  • 参考咨询
  • 我的图书馆
  • 登录
  • 详细信息显示
  • 放入我的书架
  • 预约/预借图书
  • 作者相关作品
  • 分类相关作品
  • 丛书相关作品
  • 出版社相关作品

书目信息

  • 表格格式
  • 工作单格式
  • 卡片格式
题名:
基本建设经济学
    
 
作者: 徐文通 编著
分册:  
出版信息: 北京   经济科学出版社  1985
页数: 638页
开本: 19cm
丛书名:
单 册:
中图分类: F28
科图分类:
主题词: 基本建设经济学--函授大学--教材
电子资源:
ISBN:
000 00652nam0 2200241 45
001 0185002233
005 20060809082559.84
010    @dCNY3.15
091    @aCN@b4312.48
100    @a19900816d1985 em y0chiy0121 ea
101 0  @achi
102    @aCN@b110000
105    @ay z 000yy
200 10 @a基本建设经济学@Aji ben jian she jing ji xue@f徐文通编著
210    @a北京@c经济科学出版社@d1985
215    @a638页@d19cm
300    @a中国人民大学函授学院函授教材
606    @a基本建设经济学@x函授大学@x教材
690    @aF28@v3
701  0 @a徐文通@Axu wen tong@4编著
801  2 @aCN@bNLC@c20060809
801  0 @aCN@bTSSF
905    @a10447@dF28@e244
    
    基本建设经济学/徐文通编著.-北京:经济科学出版社,1985
    638页;19cm
    中国人民大学函授学院函授教材
    
    ISBN :CNY3.15
    
●
相关链接 在E读中查询图书 在五车中查询图书 在当当中查询图书 在豆瓣中查询图书


正题名:基本建设经济学     索取号:F28/244         预约/预借

序号 登录号 条形码 馆藏地/架位号 状态 备注
1 0447665   204476655   密集书库/ [索取号:F28/244] 在馆    
2 0447666   204476664   密集书库/ [索取号:F28/244] 在馆    
3 0447667   204476673   密集书库/ [索取号:F28/244] 在馆    
唐山师范学院图书馆 欢迎您!
大连网信软件有限公司© 版权所有